Les Philippe célèbres - Statistiques

Statistiques générales
  • Ce quiz a été pris 160 fois
  • Le résultat moyen est 7 sur 22
Statistiques - réponses
Indice Initiale Nom % Correct
Patineur 1972 C Candeloro
76%
Cuisinier 1966 E Etchebest
74%
Militaire 1921 DG De Gaulle
59%
Militaire 1856-1951 P Pétain
54%
Acteur 1930-2006 N Noiret
51%
Chanteur 1968 K Katerine
50%
Animateur 1929 B Bouvard
41%
Chanteur 1947 L Lavil
41%
Dessinateur 1954 G Geluck
40%
Politicien 1943-2010 S Seguin
34%
Acteur 1965 T Torreton
27%
Réalisateur 1933-2004 DB De Broca
26%
Entraineur 1963 L Lucas
21%
Journaliste 1936 L Labro
16%
Acteur 1940-2001 L Léotard
16%
Humoriste 1956 C Chevallier
9%
Militaire 1902-1947 LdH Leclerc de Hauteclocque
9%
Ecrivain 1936 S Sollers
9%
Animateur 1951-1985 D de Dieuleveult
8%
Chanteur 1927-2007 C Clay
5%
Acteur 1973 B Bas
4%
Acteur 1965 D Duquesne
4%
Aucun quiz correspondant
Distribution des résultats
% des personnes avec chaque résultat
Percentile par nombre de réponses
Votre historique - résultats
Vous n’avez pas pris ce quiz